000 00780nam a2200193 i 4500
001 157695
003 ES-MaACL
005 20251218063014.0
008 040812m18601861it |||| | lat d
100 1 _aLiberatore, Matteo,
_d1810-1892
_9156482
245 1 0 _aInstitutiones philosophicae Matthei Liberatore Societais Iesu ad triennium accomodatae.
260 _aRomae :
_bTypis Civilitatis Catholicae,
_c1860-1861.
300 _a3 v. ;
_c22 cm.
505 8 _aContiene: T.I, 1860: Logica (VIII, 311 p.) - T.II, 1861: Metaphysica generalis et cosmologia (344 p.) - T.III, 1861: Psychologia et theologia naturalis (390 p.)
650 7 _aFilosofĂ­a
_2embne
_912802
752 _aItalia -
_dRoma
852 _aES-MaACL
_jG-11918-20
_z- Enc. hol.
999 _c157695
_d157695